000 01311cam2a220032501 4500
001 tmp15762596
003 UPRA
005 20190822115057.0
007 sdubmmennuuune
008 951023s1956 nyu u
028 0 2 _aXWN 18230 Westminster
_bXWN 18230 Westminster
035 _a(Sirsi) r51859
035 _a(UPRA)tmp15762596
040 _cUPRA
041 0 _geng
100 1 _aBizet, Georges, 1838-1875.
_dBizet, Georges, 1838-1875.
_6A10164.1
240 _a12a26.1..1.13 k26.1..15.7 n26.1..23.13
_hSound recording
245 1 2 _aL'Arlesienne suites nos. 1 and 2
_h[sound recording].
260 _aNew York :
_bWestminster,
_c1956.
500 _aSleeve notes by James Lyons.
501 _aWith: Bizet, G., Carmen suites, nos. 1 and 2.
511 0 _aArtur Rodzinski conducting the Philharmonic Symphony Orchestra of London.
650 0 _aSuites (Orchestra)
_6S6167.1
700 1 _aRedzinski, Artur.
_6A10166.1
700 1 _aBizet, G. Carmen suites, no. 1.
_tBizet, G. Carmen suites, no. 1.
_nBizet, G. Carmen suites, no. 1.
_6A10167.1
700 1 _aBizet, G. Carmen suites, no. 2.
_tBizet, G. Carmen suites, no. 2.
_nBizet, G. Carmen suites, no. 2.
_6A10168.1
710 2 _aPhilharmonic Symphony of London.
_6A10169.1
949 _aM1003
_wlcc
_i-65759
_mMAIN
_tBOOK
_lON-SHELF
004 51859
999 _c133651
_d133651